B-Letter Subdivisions of Africa - Statistics

General Stats
  • This quiz has been taken 18 times
    6 since last reset
  • The average score is 37 of 94
Answer Stats
Country Subdivision Type Answer % Correct
Guinea-Bissau Sector Bissau
100%
Chad Province Bahr el Gazel
75%
Mali District Bamako
75%
Central African Republic Prefecture Bangui
75%
Chad Province Batha
75%
Egypt Governorate Beheira
75%
Tunisia Governorate Béja
75%
Algeria Province Béjaïa
75%
Egypt Governorate Beni Suef
75%
Equatorial Guinea Province Bioko Norte
75%
Equatorial Guinea Province Bioko Sur
75%
Sudan State Blue Nile
75%
Chad Province Borkou
75%
Cape Verde Municipality Brava
75%
Republic of the Congo Department Brazzaville
75%
Zimbabwe Province Bulaweyo
75%
Guinea-Bissau Region Bafatá
50%
Democratic Republic of the Congo Province Bas-Uele
50%
Algeria Province Batna
50%
Nigeria State Bauchi
50%
Algeria Province Béchar
50%
Tunisia Governorate Ben Arous
50%
Angola Province Bengo
50%
Angola Province Benguela
50%
Algeria Province Béni Abbès
50%
Ethiopia Region Benishangul-Gumuz
50%
Angola Province Bié
50%
Guinea-Bissau Region Biombo
50%
Algeria Province Biskra
50%
Tunisia Governorate Bizerte
50%
Algeria Province Blida
50%
Cape Verde Municipality Boa Vista
50%
Guinea Region Boké
50%
Guinea-Bissau Region Bolama
50%
Ghana Region Bono
50%
Ghana Region Bono East
50%
Algeria Province Bordj Baji Mokhtar
50%
Algeria Province Bordj Bou Arréridj
50%
Benin Department Borgou
50%
Nigeria State Borno
50%
Algeria Province Bouïra
50%
Algeria Province Boumerdès
50%
Mauritania Region Brakna
50%
Seychelles District Baie Lazare
25%
Seychelles District Baie Sainte Anne
25%
Kenya County Baringo
25%
Côte d'Ivoire Autonomous District Bas-Sassandra
25%
Central African Republic Prefecture Basse-Kotto
25%
Nigeria State Bayelsa
25%
Seychelles District Beau Vallon
25%
Seychelles District Bel Air
25%
Seychelles District Bel Ombre
25%
Libya District Benghazi
25%
Morocco Region Béni Mellal-Khénifra
25%
Nigeria State Benue
25%
Lesotho District Berea
25%
Madagascar Region Betsiboka
25%
Madagascar Region Boeny
25%
Kenya County Bomet
25%
Liberia County Bomi
25%
Liberia County Bong
25%
Madagascar Region Bongolava
25%
Burkina Faso Region Boucle du Mouhoun
25%
Republic of the Congo Department Bouenza
25%
Uganda District Budaka
25%
Uganda District Bududa
25%
Uganda District Bugiri
25%
Uganda District Bugweri
25%
Uganda District Buhweju
25%
Uganda District Buikwe
25%
Burundi Province Bujumbura
25%
Uganda District Bukedea
25%
Uganda District Bukomansimbi
25%
Uganda District Bukwo
25%
Uganda District Bulambuli
25%
Uganda District Buliisa
25%
Uganda District Bundibugyo
25%
Kenya County Bungoma
25%
Uganda District Bunyangabu
25%
Uganda District Bushenyi
25%
Kenya County Busia
25%
Uganda District Busia
25%
Uganda District Butaleja
25%
Uganda District Butambala
25%
Uganda District Butebo
25%
Lesotho District Butha-Buthe
25%
Uganda District Buvuma
25%
Uganda District Buyende
25%
Central African Republic Prefecture Bamingui-Bangoran
0%
Mali Region Bandiagara
0%
Mali Region Bougouni
0%
Burundi Province Buhumuza
0%
Burundi Province Burunga
0%
Burundi Province Butanyerera
0%
No matching quizzes found
Score Distribution
Percent of People with Each Score
Percentile by Number Answered
Your Score History
You have not taken this quiz since the last reset